Statistiche per Nazionali di calcio partecipanti ai Mondiali FIFA

Clicka qui per fare il quiz!

Statistiche generali

  • Questo quiz è stato fatto 861 volte
  • Il punteggio medio è 47 su 80

Statistiche sulle risposte

PartecipazioniNazionale% Corretto
18Italia
99%
22Brasile
98%
18Argentina
97%
20Germania
96%
16Francia
95%
16Spagna
94%
8Portogallo
89%
11Russi
88%
14Uruguay
88%
11Stati Uniti
87%
7Giappone
84%
16Inghilterra
84%
17Messico
83%
12Svezia
83%
2Canada
81%
1Cina
81%
11Paesi Bassi
79%
6Colombia
76%
12Svizzera
76%
6Australia
75%
14Belgio
75%
6Marocco
75%
3Norvegia
75%
11Corea del Sud
74%
9Cile
73%
6Croazia
70%
3Egitto
70%
3Irlanda
69%
3Sudafrica
69%
7Austria
68%
3Grecia
68%
1Ucraina
68%
9Polonia
67%
13Serbia
67%
3Senegal
66%
6Danimarca
65%
4Ecuador
64%
8Paraguay
64%
1Qatar
64%
5Perù
63%
2Turchia
61%
8Camerun
58%
6Tunisia
58%
4Algeria
57%
6Arabia Saudita
57%
2Corea del Nord
57%
2Nuova Zelanda
57%
4Ghana
55%
9Ungheria
55%
1Slovacchia
54%
3Bolivia
53%
7Romania
53%
6Iran
52%
1Islanda
52%
2Slovenia
52%
2Galles
51%
9Repubblica Ceca
51%
6Costa Rica
50%
6Nigeria
50%
8Scozia
50%
1Panama
48%
7Bulgaria
45%
3Costa d'Avorio
40%
1Iraq
38%
1Zaire
35%
3Honduras
33%
3Irlanda del Nord
32%
1Cuba
27%
1Israele
23%
1Giamaica
21%
1Indie Orientali Olandesi
19%
1Togo
19%
1Angola
18%
1Trinidad e Tobago
18%
2El Salvador
16%
1Haiti
16%
1Bosnia Erzegovina
12%
1Emirati Arabi Uniti
11%
1Germania Est
10%
1Kuwait
9%

Distribuzione punteggi

Percentile per numero di risposta

Percentuale di utenti per punteggio

I tuoi punteggi nel tempo

Non hai fatto questo quiz